000
00327 a2200145 4500
001
152957
040
_c
Escola São Tomás de Aquino
100
_a
ROCHA, Ruth
240
1
0
_a
Historinhas malcriadas
_l
por
245
1
0
_a
Historinhas malcriadas
300
_a
37
362
0
_a
2012
697
_a
*LITERATURA INFANTO
942
_c
BK
999
_c
152957
_d
152957